أبناء القلعة / (رقم التسجيلة. 28618)

تفاصيل مارك
000 -LEADER
fixed length control field 00459nam a22001697a 4500
005 - DATE AND TIME OF LATEST TRANSACTION
control field 20251108165451.0
008 - FIXED-LENGTH DATA ELEMENTS--GENERAL INFORMATION
fixed length control field 250721s1996 xx 000 0 ara d
082 14 - DEWEY DECIMAL CLASSIFICATION NUMBER
Classification number ق/قاس
100 1# - MAIN ENTRY--PERSONAL NAME
Personal name قاسم، زياد
245 10 - TITLE STATEMENT
Title أبناء القلعة /
250 ## - EDITION STATEMENT
Edition statement ط2.
264 1# - PRODUCTION, PUBLICATION, DISTRIBUTION, MANUFACTURE, AND COPYRIGHT NOTICE
Place of production, publication, distribution, manufacture عمان :
Name of producer, publisher, distributor, manufacturer منشورات أمانة عمان الكبرى،
Date of production, publication, distribution, manufacture, or copyright notice 1996.
300 ## - PHYSICAL DESCRIPTION
Extent 468ص.
650 17 - SUBJECT ADDED ENTRY--TOPICAL TERM
Topical term or geographic name as entry element القصص العربية
942 ## - ADDED ENTRY ELEMENTS (KOHA)
Source of classification or shelving scheme Dewey Decimal Classification
Koha item type كتب
المقتنيات
حالة السحب حالة الفقدان مصدر التصنيف حالة التلف غير قابل للإعارة المكتبة الرئيسية المكتبة الحالية موقع الرف تاريخ التزويد الرقم المتسلسل Total Checkouts رقم الإستدعاء تاريخ آخر ظهور تاريخ الفاتورة نوع المادة (كوها) الباركود
    Dewey Decimal Classification Unchecked   مكتبة أم قصير والمقابلين العامة مكتبة أم قصير والمقابلين العامة الإعارة 06/07/2004 4977   ق/قاس 28/07/2025 06/07/2004 كتب  
    Dewey Decimal Classification     مكتبة الأميرة ايمان العامة مكتبة الأميرة ايمان العامة الإعارة 04/12/2013 [9080]   ق/قاس 28/07/2025 04/12/2013 كتب PLD00289238
    Dewey Decimal Classification     مكتبة الاميرة بديعة مكتبة الاميرة بديعة الإعارة 11/06/2015 [5416]   ق/قاس 28/07/2025 11/06/2015 كتب PLD00330515
    Dewey Decimal Classification Unchecked   مكتبة الراية الهاشمية للأطفال مكتبة الراية الهاشمية للأطفال الأطفال 28/07/2025 236142   ق/قاس 28/07/2025 28/07/2025 كتب  
    Dewey Decimal Classification Unchecked   مكتبة النصر العامة مكتبة النصر العامة الإعارة 06/07/2004 8049   ق/قاس 28/07/2025 06/07/2004 كتب  
    Dewey Decimal Classification     مكتبة بدر للأطفال مكتبة بدر للأطفال الإعارة 25/08/2022 236141   ق/قاس 28/07/2025 25/08/2022 كتب PLD00500328
    Dewey Decimal Classification     مكتبة بدر للأطفال مكتبة بدر للأطفال الإعارة 29/08/2022 236141   ق/قاس 28/07/2025 29/08/2022 كتب PLD00500540
    Dewey Decimal Classification Unchecked   مكتبة حمزة العامة مكتبة حمزة العامة الإعارة 06/07/2004 5336   ق/قاس 28/07/2025 06/07/2004 كتب  
    Dewey Decimal Classification     مكتبة صويلح العامة مكتبة صويلح العامة الإعارة 08/07/2019 011484   ق/قاس 28/07/2025 08/07/2019 كتب PLD00456832
Implemented & Customized by: BBB with SCIT (Smart Chains for Information Technology)

Powered by Koha